000 01944nam a22002417a 4500
001 121183
008 160218b2020 xxu||||| |||| 00| 0 eng d
020 _a9781783213788
041 _aeng
110 _aRoyal Institution of Chartered Surveyors
245 _aTechnical due diligence of commercial property
250 _a1st
260 _aLondon
_bRICS
_c2020
300 _a36p
490 _aRICS Professional Standards and Guidance
_vGlobal
520 _aProvides technical due diligence guidance suitable for all stages of the property cycle for commercial and industrial properties including acquisition (financing or refinancing, operation and operation, disposal and refurbishment or development. Suitable for all types of commercial and industrial property. Covers liability management including the shelf life of the report and stresses the importance of access to data about the property. Effective from 1 April 2020.
520 _aThis 1st edition global RICS guidance note is effective three months after publication. Supersedes the following RICS publications and any associated translations: • Building surveys and technical due diligence of commercial property, England and Wales (4th edition) RICS guidance note (ISBN 9781842196274) • Technical due diligence of commercial and industrial property, Australia, (1st edition) RICS guidance note. • Technical due diligence of commercial and industrial property, New Zealand, (1st edition) RICS guidance note. • Technical due diligence of commercial, industrial and residential property in Continental Europe (1st edition), RICS guidance note
650 _aDue diligence
651 _aInternational
690 _96227
_aCommercial property
856 _uhttps://www.rics.org/profession-standards/rics-standards-and-guidance/sector-standards/real-estate-standards/technical-due-diligence-of-commercial-property
_zAvailable free on RICS.org
942 _n0
999 _c121183
_d121183